000 00576nam a2200205Ia 4500
005 20260429112252.0
008 260429s9999||||xx |||||||||||||| ||und||
020 _a9783110746617
041 _aEnglish
082 _a332.645
_bPAR
100 _aParameswaran, Sunil Kumar
245 0 _aDerivatives theory and practice :
_ban emerging markets perspective /
_cSunil Kumar Parameswaran
250 _a1st ed.
260 _aBerlin :
_bDe Gruyter,
_c2024.
300 _axxiv, 456 p.; hb
650 _a Futures
650 _a Markets
650 _aDerivatives
942 _cTB
999 _c53221
_d53221